000 00708cam a2200217 a 4500
001 000008300
005 20200929161326.0
008 810922s1979 sp 000 f spa d
040 _aDO-SdBNP
_cDLC
_dDLC
082 _aV863.44
_bF113d
100 1 _aFabbiani Ruiz, José,
_d1911-1975
_922449
245 1 3 _aLa dura tierra /
_cJosé Fabbiani Ruiz.
260 _aCaracas, (Venezuela) :
_bMonte Ávila,
_c[1979].
300 _a210 p. ;
_c18 cm.
490 1 _aContinente
505 0 _aA orillas del sueño--La dolida infancia de Perucho González.
650 4 _aNovela venezolana
_93962
650 4 _aLiteratura venezuela
_ySIGLO XX
_922450
830 0 _aContinente
_95070
910 _aCatalogación por copia / LC
999 _c8071
_d8071